00536nam a2200181Ia 450000500170000000800410001702000150005804000190007304100120009208200140010424501070011826000330022530000160025865000300027465100190030470000210032385000100034420231128120044.0131103s9999 xx 000 0 und d a8185861049 aLoreto College aEnglish a396 bDAT aNurturing Natureb Women at the Centre of Natural and Social Regeneration c Edited by Chhaya Datar aBombaybEarthare Booksc1998 aiii,147 p.  aWomen - Social Conditions aWomens Studies aDatar,Chhaya,ed. aLCLIB